[Event "JUG-ch op"]
[Site "Nis"]
[Date "1996.??.??"]
[Round "4"]
[White "Spasov, Vasil"]
[Black "Lazic, Miroljub"]
[Result "1-0"]
[WhiteElo "2570"]
[BlackElo "2465"]
[PlyCount "89"]
[EventDate "1996.??.??"]
[Source "www.chesslib.no"]
[SourceDate "2004.05.04"]

1. e4 e5 2. Nf3 Nc6 3. Bc4 Bc5 4. c3 Qe7 5. O-O d6 6. d3 Nf6 7. b4 Bb6 8. a4 a6 9. Nbd2 O-O 10. Bb3 Be6 11. Nc4 Ba7 12. Bg5 h6 13. Bh4 Nb8 14. Re1 Nbd7 15. Ne3 Bxb3 16. Qxb3 Qe6 17. Qc2 Rfe8 18. Rab1 Nf8 19. Nc4 Ng6 20. Bg3 b5 21. Ne3 c6 22. Ra1 d5 23. exd5 cxd5 24. d4 e4 25. Ne5 Nxe5 26. Bxe5 Nd7 27. Bg3 Bb8 28. axb5 Bxg3 29. hxg3 axb5 30. Ra5 Rxa5 31. bxa5 Ra8 32. Ra1 Qc6 33. Qb2 g6 34. Nc2 Nf6 35. Nb4 Qc4 36. a6 Nd7 37. Nc2 Qe2 38. Qa2 Nf6 39. Ne3 Qxa2 40. Rxa2 Ra7 41. Ra5 Kf8 42. Kf1 Ke8 43. Nc2 Kd7 44. Nb4 Ne8 45. Rxb5 1-0

[Event "AUT Team Ch"]
[Site "Austria"]
[Date "1993.??.??"]
[Round "?"]
[White "Tolnai, Tibor"]
[Black "Mokry, Karel"]
[Result "1-0"]
[WhiteElo "2495"]
[BlackElo "2530"]
[PlyCount "75"]
[EventDate "1993.??.??"]
[Source "www.chesslib.no"]
[SourceDate "2004.05.04"]

1. e4 e5 2. Nf3 Nc6 3. Bc4 Bc5 4. c3 Qe7 5. O-O Nf6 6. b4 Bb6 7. d3 d6 8. a4 a5 9. b5 Nb8 10. Re1 O-O 11. Nbd2 Be6 12. h3 Nbd7 13. d4 Bxc4 14. Nxc4 Qe6 15. Qd3 Rfe8 16. Nxb6 Nxb6 17. d5 Qc8 18. Nh4 Kh8 19. c4 Ng8 20. Be3 Nd7 21. Rab1 b6 22. g3 Nc5 23. Bxc5 dxc5 24. Kg2 Qd8 25. Rbd1 Qf6 26. Qc3 Rad8 27. Rd3 g6 28. f4 Qg7 29. Nf3 exf4 30. gxf4 Qxc3 31. Rxc3 f6 32. e5 Kg7 33. Rce3 Kf7 34. exf6 Rxe3 35. Rxe3 Kxf6 36. Re6+ Kg7 37. Ne5 Kf8 38. Rc6 1-0

[Event "Finjub30 GM2"]
[Site "Finjub30 GM2"]
[Date "1992.??.??"]
[Round "?"]
[White "Raety, Sakari"]
[Black "Zecha, Gerhard"]
[Result "0-1"]
[WhiteElo "2425"]
[BlackElo "2525"]
[PlyCount "72"]
[EventDate "1992.??.??"]
[Source "www.chesslib.no"]
[SourceDate "2004.05.04"]

1. e4 e5 2. Nf3 Nc6 3. Bc4 Bc5 4. c3 Qe7 5. d4 Bb6 6. Bg5 f6 7. Be3 d6 8. O-O Bg4 9. d5 Nb8 10. h3 Bh5 11. Nbd2 Nd7 12. Bxb6 axb6 13. Qc2 g5 14. g4 Bg6 15. Nh2 h5 16. f3 Qh7 17. Rf2 Ne7 18. Ndf1 b5 19. Bb3 Bf7 20. Ng3 Ng6 21. Nxh5 Nf4 22. Nxf4 exf4 23. Qe2 Qxh3 24. Qxb5 O-O-O 25. Rg2 Ne5 26. Rf1 Rh7 27. Rff2 Rdh8 28. Kf1 Qg3 29. Bd1 Rxh2 30. Rxg3 fxg3 31. Rc2 Rh1+ 32. Kg2 Rxd1 33. Kxg3 Rdh1 34. Rg2 Be8 35. Qe2 Ng6 36. e5 Nf4 0-1

[Event "Moscow Open"]
[Site "Moscow RUS"]
[Date "1994.??.??"]
[Round "5"]
[White "Nikitin, Aleksander S"]
[Black "Gorelov, Sergey G"]
[Result "1/2-1/2"]
[WhiteElo "2445"]
[BlackElo "2505"]
[PlyCount "87"]
[EventDate "1994.??.??"]
[Source "www.chesslib.no"]
[SourceDate "2004.05.04"]

1. e4 e5 2. Nf3 Nc6 3. Bc4 Bc5 4. c3 Qe7 5. O-O Nf6 6. d3 d6 7. h3 h6 8. Re1 Bb6 9. Nbd2 g5 10. Bb5 g4 11. hxg4 Nxg4 12. d4 Bd7 13. Nc4 Rg8 14. a4 a6 15. Nxb6 cxb6 16. Bf1 Qf6 17. b3 Ne7 18. dxe5 Nxe5 19. Nxe5 dxe5 20. Ba3 Rg6 21. Re3 Bg4 22. f3 Rd8 23. Qe2 Be6 24. b4 Rg5 25. Rd1 Ng6 26. Rxd8+ Qxd8 27. Rd3 Qf6 28. Bc1 Bc4 29. Bxg5 hxg5 30. Rd8+ Qxd8 31. Qxc4 Kf8 32. Qd5 Qxd5 33. exd5 Nf4 34. c4 a5 35. bxa5 bxa5 36. g3 Nh5 37. c5 Nf6 38. Bc4 Nd7 39. c6 bxc6 40. dxc6 Nb6 41. Bb3 Ke7 42. Kf2 f5 43. Ke3 Kd6 44. g4 1/2-1/2

[Event "SLO Ch"]
[Site "Slovenia"]
[Date "1993.??.??"]
[Round "?"]
[White "Grosar, Aljosa"]
[Black "Gostisa, Leon"]
[Result "1/2-1/2"]
[WhiteElo "2480"]
[BlackElo "2460"]
[PlyCount "80"]
[EventDate "1993.??.??"]
[Source "www.chesslib.no"]
[SourceDate "2004.05.04"]

1. e4 e5 2. Nf3 Nc6 3. Bc4 Bc5 4. c3 Qe7 5. O-O Nf6 6. d4 Bb6 7. Re1 d6 8. h3 O-O 9. Na3 h6 10. Bb3 a6 11. Nc4 Ba7 12. Ne3 Qd8 13. dxe5 Nxe5 14. Nxe5 dxe5 15. Qf3 Bxe3 16. Bxe3 Qe7 17. Rad1 Be6 18. Bxe6 Qxe6 19. Qf5 Qe7 20. g4 g6 21. Qf3 Kg7 22. Qe2 Qe6 23. b3 Rfd8 24. f3 Ng8 25. Rd3 Rxd3 26. Qxd3 Ne7 27. Qd2 Rh8 28. Rd1 Nc6 29. Kg2 Rd8 30. Qc1 Rxd1 31. Qxd1 h5 32. Qd2 f5 33. exf5 gxf5 34. gxh5 Kh7 35. Bg5 b5 36. h4 a5 37. Bd8 Qd6 38. Bg5 Qe6 39. Bd8 Qd6 40. Bg5 Qe6 1/2-1/2

[Event "Makarska"]
[Site "Makarska"]
[Date "1994.??.??"]
[Round "?"]
[White "Sale, Srdjan"]
[Black "Kovacevic, Vlatko"]
[Result "0-1"]
[WhiteElo "2445"]
[BlackElo "2485"]
[PlyCount "140"]
[EventDate "1994.06.??"]
[Source "www.chesslib.no"]
[SourceDate "2004.05.04"]

1. e4 e5 2. Nf3 Nc6 3. Bc4 Bc5 4. c3 Qe7 5. b4 Bb6 6. a4 a6 7. d3 Nf6 8. Nbd2 d6 9. Ba2 Be6 10. Nc4 O-O 11. O-O h6 12. Qe2 Nd7 13. Be3 Bxe3 14. Nxe3 a5 15. b5 Nd8 16. d4 Bxa2 17. Qxa2 Ne6 18. Rfd1 Rfe8 19. Nd5 Qd8 20. Rd2 Nef8 21. Qc2 Rc8 22. Rad1 Ng6 23. g3 Nf6 24. Nxf6+ Qxf6 25. Kg2 Qe6 26. h3 Re7 27. Re1 b6 28. c4 Rd7 29. Red1 Re8 30. Re1 Red8 31. Ree2 f6 32. c5 dxc5 33. dxc5 Nf8 34. cxb6 cxb6 35. Qc6 Kf7 36. h4 h5 37. Rxd7+ Rxd7 38. Rd2 Qxc6 39. bxc6 Rc7 40. Rc2 Ne6 41. Kf1 Nc5 42. Nd2 Rxc6 43. Nc4 Nd7 44. Ke2 g5 45. Ke3 Ke6 46. f3 gxh4 47. gxh4 Nf8 48. Kd3 Ng6 49. Rh2 Nf4+ 50. Kc3 Kd7 51. Rh1 Kc7 52. Rh2 Kb7 53. Rd2 Kc7 54. Rh2 Rc5 55. Rb2 Ne6 56. Rg2 Rc6 57. Rg1 Nc5 58. Ra1 Kb7 59. Ra2 Ka6 60. Ra1 Rc7 61. Ra3 Rd7 62. Nb2 Rg7 63. Nc4 Rg3 64. Nd2 Rh3 65. Kc4 Rxh4 66. Kd5 Rh1 67. Nc4 Rd1+ 68. Kc6 Rc1 69. Kd5 h4 70. Ra2 Nd3 0-1

[Event "Agneaux op"]
[Site "Agneaux"]
[Date "2000.??.??"]
[Round "6"]
[White "Lobzhanidze, Davit"]
[Black "Lazic, Miroljub"]
[Result "1/2-1/2"]
[WhiteElo "2448"]
[BlackElo "2478"]
[PlyCount "38"]
[EventDate "2000.??.??"]
[Source "www.chesslib.no"]
[SourceDate "2004.05.04"]

1. e4 e5 2. Nf3 Nc6 3. Bc4 Bc5 4. c3 Qe7 5. O-O d6 6. d3 Nf6 7. Nbd2 a6 8. Bb3 O-O 9. h3 Ba7 10. Nc4 h6 11. Ne3 Be6 12. Nh2 Bxb3 13. Qxb3 Qd7 14. Nf5 d5 15. Ng4 Nxg4 16. hxg4 dxe4 17. dxe4 Na5 18. Qc2 Rfd8 19. Be3 Bxe3 1/2-1/2

[Event "Terrassa op"]
[Site "Terrassa"]
[Date "1996.??.??"]
[Round "2"]
[White "Johansson, Jan"]
[Black "Arencibia, Walter"]
[Result "0-1"]
[WhiteElo "2365"]
[BlackElo "2555"]
[PlyCount "78"]
[EventDate "1996.07.??"]
[Source "www.chesslib.no"]
[SourceDate "2004.05.04"]

1. e4 e5 2. Nf3 Nc6 3. Bc4 Bc5 4. c3 Qe7 5. O-O d6 6. d4 Bb6 7. a4 a6 8. Be3 Nf6 9. dxe5 dxe5 10. Bxb6 cxb6 11. Nbd2 O-O 12. Re1 Qc7 13. Qe2 Ne7 14. Ba2 Ng6 15. g3 Bd7 16. Qc4 Bc6 17. Qb4 Rad8 18. Bb1 b5 19. axb5 axb5 20. Nf1 Qc8 21. Qc5 Rfe8 22. N3d2 h5 23. f3 h4 24. Qe3 Qe6 25. Bc2 b4 26. Bb3 Qe7 27. Rac1 Nh5 28. Bc4 Rd6 29. Re2 bxc3 30. Rxc3 Red8 31. Rg2 b5 32. Be2 Bd7 33. Rc1 Bh3 34. Rf2 hxg3 35. hxg3 Nxg3 36. Nxg3 Rxd2 37. Bf1 Rxf2 38. Kxf2 Bxf1 39. Rxf1 Qb4 0-1

[Event "Dieren Open"]
[Site "Dieren NED"]
[Date "1988.??.??"]
[Round "2"]
[White "Van Mil, Johannes A J"]
[Black "Rogers, Ian"]
[Result "1/2-1/2"]
[WhiteElo "2385"]
[BlackElo "2535"]
[PlyCount "127"]
[EventDate "1988.??.??"]
[Source "www.chesslib.no"]
[SourceDate "2004.05.04"]

1. e4 e5 2. Nf3 Nc6 3. Bc4 Bc5 4. c3 Qe7 5. d3 d6 6. Nbd2 Nf6 7. O-O a6 8. Bb3 h6 9. Nc4 Ba7 10. Ne3 g5 11. Re1 Ng4 12. Qe2 Nxe3 13. Bxe3 Bg4 14. Bxa7 Nxa7 15. Qe3 Nc6 16. Nd2 h5 17. d4 h4 18. Ba4 Bd7 19. Rad1 f6 20. Nf1 Qg7 21. f3 g4 22. f4 b5 23. Bb3 Qh6 24. dxe5 fxe5 25. f5 Qh5 26. Qe2 Na5 27. Ne3 g3 28. Qxh5+ Rxh5 29. hxg3 Nxb3 30. axb3 hxg3 31. Nf1 Rh4 32. Rd3 Bc6 33. Nxg3 Kf7 34. Rde3 Rg8 35. Nf1 d5 36. Rg3 Rxg3 37. Nxg3 dxe4 38. Nf1 Rf4 39. Ne3 Bd7 40. Nd5 Rxf5 41. Nxc7 a5 42. Rf1 Rxf1+ 43. Kxf1 Ke7 44. Nd5+ Kd6 45. Nf6 Bf5 46. Kf2 Ke6 47. Nh5 e3+ 48. Kxe3 Bc2 49. b4 axb4 50. cxb4 Kd5 51. Nf6+ Kc4 52. Nd7 Kxb4 53. Kd2 Be4 54. g3 Kc4 55. Nxe5+ Kd4 56. Ng4 Bf5 57. Nf2 Be6 58. Nd3 Bc4 59. Nf2 Be6 60. Nd1 Ke4 61. Nc3+ Kf3 62. Nxb5 Kxg3 63. Ke3 Bd7 64. Nd4 1/2-1/2

[Event "75th ch-GER"]
[Site "Hoeckendorf"]
[Date "2004.01.31"]
[Round "2"]
[White "Rabiega, Robert"]
[Black "Bastian, Herbert"]
[Result "1-0"]
[WhiteElo "2527"]
[BlackElo "2384"]
[PlyCount "65"]
[EventDate "2004.01.30"]
[Source "Roberto Alvarez"]
[SourceDate "2004.02.09"]

1. e4 e5 2. Nf3 Nc6 3. Bc4 Bc5 4. c3 Qe7 5. O-O d6 6. d3 Nf6 7. Nbd2 a6 8. Bb3 h6 9. Nc4 Ba7 10. Ne3 Bd7 11. Re1 O-O-O 12. Bc2 Ng4 13. d4 Qf8 14. h3 Nf6 15. b4 g5 16. b5 axb5 17. a4 b4 18. d5 Ne7 19. cxb4 g4 20. hxg4 Nxg4 21. a5 Rg8 22. a6 Qg7 23. axb7+ Kb8 24. g3 f5 25. Nxg4 f4 26. Be3 fxe3 27. Nxe3 Kxb7 28. Ba4 Nc8 29. Bc6+ Bxc6 30. dxc6+ Kxc6 31. Nf5 Qf7 32. Qd3 Qe6 33. Rxa7 1-0

[Event "CZE Team Ch 9697"]
[Site "Czech Republic"]
[Date "1997.??.??"]
[Round "7"]
[White "Velicka, Petr"]
[Black "Mokry, Karel"]
[Result "1/2-1/2"]
[WhiteElo "2405"]
[BlackElo "2500"]
[PlyCount "25"]
[EventDate "1996.??.??"]
[Source "www.chesslib.no"]
[SourceDate "2004.05.04"]

1. e4 e5 2. Nf3 Nc6 3. Bc4 Bc5 4. c3 Qe7 5. d3 Nf6 6. Nbd2 d6 7. Bb3 O-O 8. O-O a6 9. Nc4 Be6 10. Bg5 h6 11. Bh4 Bxc4 12. Bxc4 Na5 13. Nd2 1/2-1/2

[Event "Padova op"]
[Site "Padova"]
[Date "2000.12.08"]
[Round "7"]
[White "Rossi, Carlo"]
[Black "Naumkin, Igor"]
[Result "1-0"]
[WhiteElo "2436"]
[BlackElo "2440"]
[PlyCount "57"]
[EventDate "2000.12.02"]
[Source "ChessBase"]
[SourceDate "2001.01.11"]

1. e4 e5 2. Nf3 Nc6 3. Bc4 Bc5 4. c3 Qe7 5. O-O Nf6 6. d4 Bb6 7. dxe5 Nxe5 8. Nxe5 Qxe5 9. Nd2 d6 10. Bd3 O-O 11. Nc4 Qe7 12. Qf3 Bd7 13. a4 c6 14. Bf4 Bc7 15. Rfe1 Rad8 16. h3 Bc8 17. Rad1 h6 18. g4 b5 19. axb5 cxb5 20. Ne3 a6 21. Nf5 Bxf5 22. exf5 Qd7 23. h4 Rfe8 24. g5 hxg5 25. hxg5 Nh7 26. Qh5 d5 27. Bxc7 Qxc7 28. f6 Nf8 29. Kg2 1-0

[Event "Kavala op 6th"]
[Site "?"]
[Date "1996.??.??"]
[Round "?"]
[White "Tzermiadianos Andreas"]
[Black "Lazic Miroljub"]
[Result "1-0"]
[WhiteElo "2410"]
[BlackElo "2465"]
[PlyCount "80"]
[EventDate "1996.??.??"]
[Source "www.chesslib.no"]
[SourceDate "2004.05.04"]

1. e4 e5 2. Nf3 Nc6 3. Bc4 Bc5 4. c3 Qe7 5. d4 Bb6 6. d5 Nd8 7. O-O d6 8. Bd3 Nf6 9. Nbd2 c6 10. Nc4 Bc7 11. Bc2 h6 12. Ne3 O-O 13. h3 cxd5 14. exd5 Nh7 15. Nf5 Qf6 16. Qd3 Bxf5 17. Qxf5 Qxf5 18. Bxf5 g6 19. Bc2 Kg7 20. Nh2 f5 21. Rd1 Nf6 22. Nf1 Nf7 23. c4 Bb6 24. b4 Rfc8 25. Bb3 f4 26. Nd2 a5 27. c5 Ba7 28. Bb2 a4 29. Bxa4 Nxd5 30. Nc4 Nxb4 31. Nxd6 Rxc5 32. Nxf7 Kxf7 33. Ba3 Rc2 34. Bb3+ Kf6 35. Bxb4 Rxf2 36. Kh1 Bd4 37. Rac1 Kg7 38. Bc5 Rd8 39. Bxd4 exd4 40. Rf1 Re2 1-0

[Event "Cattolica Open"]
[Site "Cattolica ITA"]
[Date "1992.??.??"]
[Round "8"]
[White "Gipslis, Aivars P"]
[Black "Hecht, Hans-Joachim"]
[Result "0-1"]
[WhiteElo "2465"]
[BlackElo "2410"]
[PlyCount "90"]
[EventDate "1992.06.??"]
[Source "www.chesslib.no"]
[SourceDate "2004.05.04"]

1. e4 e5 2. Nf3 Nc6 3. Bc4 Bc5 4. c3 Qe7 5. O-O Nf6 6. d4 Bb6 7. Re1 d6 8. h3 O-O 9. a4 a6 10. Be3 Rd8 11. Nbd2 h6 12. dxe5 dxe5 13. Bxb6 cxb6 14. Qe2 Nh5 15. Qe3 Nf4 16. Rad1 Rd6 17. Bf1 Qd8 18. Nxe5 Nxh3+ 19. gxh3 Nxe5 20. Be2 Bxh3 21. Qxh3 Rxd2 22. Qe3 Rd6 23. Rxd6 Qxd6 24. Rd1 Qc7 25. Qd4 Re8 26. Qd6 Qc6 27. Rd4 Re6 28. Qd5 Qxd5 29. Rxd5 g5 30. f3 Kg7 31. Kf2 Kf6 32. Ke3 Ke7 33. f4 gxf4+ 34. Kxf4 Ng6+ 35. Ke3 Re5 36. Rd1 h5 37. Rh1 h4 38. Bg4 Kd6 39. Bf5 Ne7 40. Bg4 f5 41. Bf3 fxe4 42. Bxe4 Kc7 43. Rxh4 Nf5+ 44. Kf4 Rxe4+ 45. Kxe4 Nxh4 0-1

[Event "Niksic"]
[Site "Niksic"]
[Date "1991.??.??"]
[Round "1"]
[White "Spasov, Vasil"]
[Black "Kontic, Djordjije"]
[Result "1-0"]
[WhiteElo "2550"]
[BlackElo "2325"]
[PlyCount "69"]
[EventDate "1991.04.??"]
[Source "ChessBase"]

1. e4 e5 2. Nf3 Nc6 3. Bc4 Bc5 4. c3 Qe7 5. O-O d6 6. d4 Bb6 7. h3 Nf6 8. Re1 h6 9. a4 a6 10. Na3 g5 11. Bf1 g4 12. hxg4 Bxg4 13. Nc4 Bxd4 14. cxd4 Nxd4 15. Be2 Nxe2+ 16. Qxe2 Rg8 17. Ne3 Qe6 18. Nxg4 Rxg4 19. Nd2 O-O-O 20. Qc4 d5 21. exd5 Qf5 22. Qc3 Rdg8 23. g3 e4 24. Nc4 Qh5 25. Qe5 e3 26. Rxe3 Rxc4 27. Qxf6 Qd1+ 28. Kg2 Rxc1 29. Rxc1 Qxc1 30. Rc3 Qg5 31. Qxf7 Qd8 32. Rxc7+ Qxc7 33. Qxg8+ Kd7 34. Qg7+ Kd6 35. Qxc7+ 1-0

[Event "Dortmund-B"]
[Site "Dortmund GER"]
[Date "1987.??.??"]
[Round "?"]
[White "King, Daniel J"]
[Black "Stein, Bernd"]
[Result "1/2-1/2"]
[WhiteElo "2475"]
[BlackElo "2385"]
[PlyCount "45"]
[EventDate "1987.04.??"]
[Source "www.chesslib.no"]
[SourceDate "2004.05.04"]

1. e4 e5 2. Nf3 Nc6 3. Bc4 Bc5 4. c3 Qe7 5. b4 Bb6 6. d3 d6 7. Nbd2 Nf6 8. Bb3 a6 9. O-O h6 10. Nc4 Ba7 11. Be3 b5 12. Bxa7 bxc4 13. Ba4 Rxa7 14. Bxc6+ Bd7 15. Bxd7+ Qxd7 16. d4 Nxe4 17. dxe5 d5 18. Qd4 Ra8 19. Rad1 Rd8 20. Rfe1 Qe7 21. Nd2 c5 22. bxc5 Nxc5 23. Nf3 1/2-1/2

[Event "IBM-C"]
[Site "Amsterdam"]
[Date "1980.??.??"]
[Round "?"]
[White "Duer, Arne"]
[Black "Haik, Aldo"]
[Result "1/2-1/2"]
[WhiteElo "2420"]
[BlackElo "2440"]
[PlyCount "130"]
[EventDate "1980.06.??"]
[Source "ChessBase"]

1. e4 e5 2. Nf3 Nc6 3. Bc4 Bc5 4. c3 Qe7 5. d4 Bb6 6. O-O d6 7. h3 Nf6 8. Re1 Bd7 9. Na3 O-O 10. Bf1 exd4 11. Nxd4 Rae8 12. Nac2 Qd8 13. Qd3 d5 14. Nxc6 Bxc6 15. exd5 Nxd5 16. Bd2 Qh4 17. Nd4 Nb4 18. Qf5 Be4 19. Bg5 Bxf5 20. Bxh4 Bxd4 21. cxd4 Nc2 22. Rxe8 Rxe8 23. Rd1 Re1 24. Rxe1 Nxe1 25. d5 Bd3 26. Bg3 Bxf1 27. Kxf1 Nd3 28. Bxc7 Kf8 29. Bd6+ Ke8 30. b4 Kd7 31. Bf8 g6 32. g3 Ne5 33. Ke2 Nc4 34. Kd3 Nb6 35. Kd4 Na4 36. Bh6 Nb2 37. Be3 Nd1 38. f3 Nb2 39. h4 f6 40. g4 Kd6 41. Bf4+ Kd7 42. b5 a6 43. bxa6 bxa6 44. g5 fxg5 45. hxg5 Ke7 46. Be5 Kd7 47. f4 Na4 48. Bb8 Nb2 49. Ba7 Kd6 50. Bc5+ Kd7 51. Ke4 Nc4 52. f5 gxf5+ 53. Kxf5 Nd2 54. Be3 Nc4 55. Bf4 Nb6 56. Ke5 Nc4+ 57. Kd4 Nb6 58. Bg3 Na4 59. Kc4 Nb6+ 60. Kc5 Na4+ 61. Kb4 Nb6 62. Ka5 Nxd5 63. a3 Kc6 64. Kxa6 Nc3 65. Be5 Ne4 1/2-1/2

[Event "Arab-ch"]
[Site "Casablanca"]
[Date "2002.09.04"]
[Round "9"]
[White "Hamdouchi, Hichem"]
[Black "Al Zendani, Zendan"]
[Result "1-0"]
[WhiteElo "2570"]
[BlackElo "2289"]
[PlyCount "169"]
[EventDate "2002.08.26"]
[Source "ChessBase"]
[SourceDate "2002.11.06"]

1. e4 e5 2. Nf3 Nc6 3. Bc4 Bc5 4. c3 Qe7 5. O-O Bb6 6. Bb3 d6 7. h3 Nf6 8. Re1 O-O 9. d4 h6 10. Na3 a6 11. Nc4 Ba7 12. Ne3 Qd8 13. Nf1 exd4 14. cxd4 d5 15. exd5 Nxd5 16. Ng3 Be6 17. a3 Nde7 18. Bxe6 fxe6 19. Qe2 Nxd4 20. Nxd4 Bxd4 21. Qxe6+ Rf7 22. Be3 Bxe3 23. Qxe3 Nd5 24. Qb3 c6 25. Ne4 Qb6 26. Qg3 Raf8 27. b4 a5 28. Rab1 axb4 29. axb4 Qd4 30. b5 cxb5 31. Rbd1 Qb4 32. Qg4 Kh8 33. Rb1 Qd4 34. Red1 Qe5 35. Rxb5 Rf4 36. Rbxd5 Qxe4 37. Qg3 R4f7 38. R5d4 Qe7 39. Rd6 Qe2 40. R1d2 Qe1+ 41. Kh2 Qb1 42. Qc3 Kg8 43. R2d3 Qb5 44. Rg3 Kh7 45. Rdg6 Rg8 46. f3 Qf5 47. Qb3 Rgf8 48. R6g4 b5 49. Qb2 Rg8 50. Re4 Rf6 51. Re5 Qf4 52. Qb1+ Kh8 53. Rxb5 Qc7 54. Rb7 Qe5 55. Rb5 Qf4 56. Rb4 Qe5 57. Rbg4 g5 58. Qb3 Rf4 59. Qb6 Kh7 60. Rxf4 Qxf4 61. Qb7+ Kg6 62. Qb1+ Kg7 63. Qe1 Kf7 64. Qd1 Re8 65. Qd5+ Re6 66. Qd7+ Kf6 67. Qh7 Ke5 68. Qh8+ Kd5 69. Qg8 Ke5 70. Qb8+ Rd6 71. Qc8 Re6 72. Qc7+ Rd6 73. Qe7+ Kd5 74. Qe1 Re6 75. Qc3 Rd6 76. Qa3 Re6 77. Qa5+ Kd6 78. Qa7 Kd5 79. Qa5+ Kd6 80. Qb5 Kc7 81. Qd5 Re5 82. Qg8 Rc5 83. Qg7+ Kb6 84. Qxh6+ Kb5 85. Qe6 1-0

[Event "Izmir GP op"]
[Site "Izmir"]
[Date "2002.08.29"]
[Round "2"]
[White "Spasov, Vasil"]
[Black "Erturan, Yakup"]
[Result "1-0"]
[WhiteElo "2581"]
[BlackElo "2277"]
[PlyCount "57"]
[EventDate "2002.08.28"]
[Source "ChessBase"]
[SourceDate "2002.11.06"]

1. e4 e5 2. Nf3 Nc6 3. Bc4 Bc5 4. c3 Qe7 5. O-O Nf6 6. b4 Bb6 7. d3 d6 8. a4 a5 9. b5 Nb8 10. Nbd2 Bg4 11. Ba2 O-O 12. Nc4 Nbd7 13. h3 Be6 14. Nxb6 Nxb6 15. Bb1 Nfd7 16. d4 f6 17. Nh4 g6 18. Bh6 Rfe8 19. f4 exf4 20. Rxf4 d5 21. Qd3 g5 22. Qg3 Kh8 23. Nf5 Bxf5 24. Rxf5 dxe4 25. Ba2 e3 26. Re1 Qa3 27. Re2 Qxc3 28. Rxf6 Nxf6 29. Bg7+ 1-0

[Event "Balatonlelle op"]
[Site "?"]
[Date "2003.06.24"]
[Round "4"]
[White "Sax Gyula"]
[Black "Nagy Ervin"]
[Result "1-0"]
[WhiteElo "2511"]
[BlackElo "2337"]
[PlyCount "113"]
[EventDate "2003.??.??"]
[Source "www.chesslib.no"]
[SourceDate "2004.05.04"]

1. e4 e5 2. Nf3 Nc6 3. Bc4 Bc5 4. c3 Qe7 5. O-O d6 6. d4 Bb6 7. h3 Nf6 8. Re1 h6 9. a4 a6 10. Na3 O-O 11. Nc2 Re8 12. Bd3 Qf8 13. Be3 exd4 14. cxd4 d5 15. e5 Ne4 16. Nh2 Ba5 17. Re2 f6 18. Bxe4 dxe4 19. exf6 Qxf6 20. b4 Bb6 21. d5 Bxe3 22. Rxe3 Ne5 23. Rxe4 Bf5 24. Re2 Bxc2 25. Rxc2 Qd6 26. Rac1 Re7 27. Nf1 Rd8 28. Ne3 Rf7 29. Qd4 c6 30. Rd2 Qf6 31. Re1 Rfd7 32. f4 Ng6 33. Qxf6 gxf6 34. g3 cxd5 35. Nf5 h5 36. Re6 Kf7 37. Nd4 Nf8 38. Rb6 Rc8 39. Kf2 Rc3 40. Nf5 Rc6 41. Rxc6 bxc6 42. Nd4 a5 43. Nxc6 axb4 44. a5 b3 45. a6 Ne6 46. a7 Nc7 47. Rb2 Rd6 48. Rxb3 Rxc6 49. Rb7 Rc2+ 50. Ke3 Ke6 51. Rxc7 Ra2 52. g4 hxg4 53. hxg4 Ra4 54. Kd3 Kd6 55. Rf7 Ke6 56. Rb7 Kd6 57. g5 1-0

[Event "JUG-chT"]
[Site "Niksic"]
[Date "1996.??.??"]
[Round "?"]
[White "Kovacevic, Predrag"]
[Black "Lazic, Miroljub"]
[Result "0-1"]
[WhiteElo "2390"]
[BlackElo "2455"]
[PlyCount "69"]
[EventDate "1996.??.??"]
[Source "www.chesslib.no"]
[SourceDate "2004.05.04"]

1. e4 e5 2. Nf3 Nc6 3. Bc4 Bc5 4. c3 Qe7 5. O-O d6 6. d4 Bb6 7. Bb5 Bd7 8. d5 Nb8 9. Bd3 Nf6 10. c4 Bg4 11. Nc3 Nbd7 12. Qe2 Nh5 13. g3 Nf8 14. Qd1 Nf6 15. Re1 h5 16. Be2 Ng6 17. Bg5 Qd7 18. Qd3 h4 19. b4 hxg3 20. hxg3 Nh5 21. c5 dxc5 22. bxc5 Bxc5 23. Be3 Bd6 24. Rab1 b6 25. Qd1 a6 26. Ng5 Bxe2 27. Qxe2 Be7 28. Qf3 Bd6 29. Rec1 Nf6 30. Kg2 Ng4 31. Rh1 Nxe3+ 32. Qxe3 Rxh1 33. Rxh1 Qg4 34. Kf1 Ke7 35. Ne2 0-1

[Event "It Resort and Casino"]
[Site "Decameron"]
[Date "2003.12.08"]
[Round "5"]
[White "De la Paz, Frank"]
[Black "Lugo, Blas"]
[Result "0-1"]
[WhiteElo "2427"]
[BlackElo "2418"]
[PlyCount "77"]
[EventDate "2003.12.06"]
[Source "Roberto Alvarez"]
[SourceDate "2003.12.15"]

1. e4 e5 2. Nf3 Nc6 3. Bc4 Bc5 4. c3 Qe7 5. O-O d6 6. b4 Bb6 7. a4 a6 8. d3 Be6 9. Nbd2 Nf6 10. Bb3 O-O 11. Nc4 Ba7 12. Bg5 h6 13. Be3 b5 14. Ncd2 Bxe3 15. fxe3 d5 16. exd5 Nxd5 17. Bxd5 Bxd5 18. e4 Be6 19. Nb3 Bxb3 20. Qxb3 Rad8 21. Ne1 Rd6 22. Rf3 Nd8 23. Nc2 c6 24. axb5 axb5 25. Ne3 g6 26. Qc2 Ne6 27. Raf1 Ng5 28. Rg3 Kh7 29. Qf2 Rxd3 30. Ng4 Nxe4 31. Nf6+ Qxf6 32. Qxf6 Nxf6 33. Rxd3 Nd5 34. Rc1 Rb8 35. c4 bxc4 36. Rxc4 Rxb4 37. Rxc6 Rb1+ 38. Kf2 Nb4 39. Rdc3 0-1

[Event "Maribor Pirc"]
[Site "Maribor"]
[Date "1994.??.??"]
[Round "1"]
[White "Grosar, Aljosa"]
[Black "Gostisa, Leon"]
[Result "0-1"]
[WhiteElo "2435"]
[BlackElo "2410"]
[PlyCount "102"]
[EventDate "1994.02.??"]
[Source "ChessBase"]

1. e4 e5 2. Nf3 Nc6 3. Bc4 Bc5 4. c3 Qe7 5. O-O d6 6. d4 Bb6 7. h3 Nf6 8. Re1 h6 9. Na3 g5 10. d5 Nb8 11. Nh2 g4 12. hxg4 Rg8 13. Be2 Nxg4 14. Bxg4 Qh4 15. Be3 Bxg4 16. Nxg4 Rxg4 17. Bxb6 Qh3 18. g3 axb6 19. Qf3 Nd7 20. Nc4 O-O-O 21. Ne3 Rf4 22. Qg2 Qxg2+ 23. Nxg2 Rg4 24. Kh2 Rdg8 25. Nh4 Nf6 26. Nf5 Kd7 27. f3 R4g5 28. Rad1 R8g6 29. Rg1 Nh5 30. a4 Nf4 31. Nh4 Rh5 32. Rd2 Rgg5 33. Ra1 Ng6 34. Kh3 f5 35. exf5 Rxf5 36. Rf2 e4 37. f4 Rxd5 38. f5 Nxh4 39. gxh4 Rhxf5 40. Re2 Rf3+ 41. Kg2 Rf4 42. Kg3 Rdf5 43. c4 h5 44. Rae1 Rg4+ 45. Kh3 Rff4 46. b4 Rxh4+ 47. Kg3 Rhg4+ 48. Kh2 Rh4+ 49. Kg3 Rfg4+ 50. Kf2 e3+ 51. Rxe3 Rh2+ 0-1

[Event "Capablanca mem-B"]
[Site "Matanzas"]
[Date "1992.??.??"]
[Round "13"]
[White "Borges Mateos, Juan"]
[Black "Lugo, Blas"]
[Result "1/2-1/2"]
[WhiteElo "2430"]
[BlackElo "2415"]
[PlyCount "20"]
[EventDate "1992.05.??"]
[Source "ChessBase"]

1. e4 e5 2. Nf3 Nc6 3. Bc4 Bc5 4. c3 Qe7 5. O-O Bb6 6. d4 Nf6 7. Re1 d6 8. h3 h6 9. d5 Nb8 10. Nbd2 Nbd7 1/2-1/2

[Event "ROM Team Ch"]
[Site "Romania"]
[Date "1993.??.??"]
[Round "6"]
[White "Nevednichy, Vladislav"]
[Black "Hristodorescu, Daniel"]
[Result "1-0"]
[WhiteElo "2495"]
[BlackElo "2335"]
[PlyCount "56"]
[EventDate "1993.??.??"]
[Source "www.chesslib.no"]
[SourceDate "2004.05.04"]

1. e4 e5 2. Nf3 Nc6 3. Bc4 Bc5 4. c3 Qe7 5. O-O d6 6. d3 Nf6 7. b4 Bb6 8. a4 a6 9. Re1 O-O 10. Nbd2 Kh8 11. Nf1 Ng4 12. d4 exd4 13. cxd4 f5 14. exf5 Qf6 15. h3 Nxd4 16. hxg4 Nxf3+ 17. Qxf3 Qxa1 18. a5 Ba7 19. Bd2 Qf6 20. Ng3 Qd4 21. Bd3 Bd7 22. Ne2 Qf6 23. g5 Qf7 24. f6 d5 25. Nf4 Rae8 26. Re7 Rxe7 27. fxe7 Re8 28. Bxh7 Bf5 1-0

[Event "TCh-BEL 2007-8"]
[Site "Belgium BEL"]
[Date "2007.10.07"]
[Round "1"]
[White "Abergel, T."]
[Black "Smits, Mar"]
[Result "1-0"]
[WhiteElo "2528"]
[BlackElo "2292"]
[PlyCount "57"]
[EventDate "2007.09.30"]
[Source "www.chesslib.no"]
[SourceDate "2004.05.04"]

1. e4 e5 2. Nf3 Nc6 3. Bc4 Bc5 4. c3 Qe7 5. O-O Nf6 6. d4 Bb6 7. Bd5 d6 8. Bxc6+ bxc6 9. dxe5 dxe5 10. Qa4 O-O 11. Qxc6 Rb8 12. Qc4 Bb7 13. Bg5 h6 14. Bxf6 Qxf6 15. Kh1 Rbd8 16. Nbd2 g5 17. Qe2 Qf4 18. Rad1 f5 19. exf5 e4 20. Nd4 Bxd4 21. cxd4 Rxd4 22. Nc4 c5 23. Ne3 Qd6 24. Rfe1 Rd8 25. Qh5 Kg7 26. Rc1 Bc8 27. h4 gxh4 28. Rxc5 Bd7 29. Ng4 1-0